000 00319nam a2200109Ia 4500
008 200302s9999 xx 000 0 und d
100 _aM. Holmes and L. H. Martin
245 _aAnalysis and Design of Structural Connections Reinforced Concrete & steel
260 _bEllis Horwood Ltd.
260 _c1983
300 _a269 P.,
999 _c2003
_d2003